| 000 | 00537nam a2200169 i 4500 | ||
|---|---|---|---|
| 001 | 74983 | ||
| 003 | ES-MaACL | ||
| 005 | 20230906172316.0 | ||
| 007 | t| | ||
| 008 | 040921s1915 it ||||1| ita d | ||
| 100 | 1 |
_aGothtein, Eberhard. _959281 |
|
| 245 | 1 | 3 |
_aIl Rinascimento nell Italia meridionale / _cEberhard Gothein ; traduzione, note e indici a cura di Tommaso Persico. |
| 260 |
_aFirenze : _b[s.n., _c1915] ( _fCarnesechi) |
||
| 300 |
_aXX,, 318 p. ; _c24 cm. |
||
| 700 | 1 |
_aPersico, Tommaso. _991398 |
|
| 852 |
_aES-MaACL _jF-9672 |
||
| 999 |
_c74983 _d74983 |
||